Principles of neurocomputing for science and engineering / (Record no. 185666)
[ view plain ]
| 000 -LEADER | |
|---|---|
| fixed length control field | 00668nam a2200205Ia 4500 |
| 005 - DATE AND TIME OF LATEST TRANSACTION | |
| control field | 20221207112147.0 |
| 008 - FIXED-LENGTH DATA ELEMENTS--GENERAL INFORMATION | |
| fixed length control field | 210716s2003 xx 000 0 und d |
| 020 ## - INTERNATIONAL STANDARD BOOK NUMBER | |
| International Standard Book Number | 70486638 |
| 040 ## - CATALOGING SOURCE | |
| Transcribing agency | AIMIT LIBRARY |
| 041 ## - LANGUAGE CODE | |
| Language code of text/sound track or separate title | eng |
| 082 ## - DEWEY DECIMAL CLASSIFICATION NUMBER | |
| Classification number | 005.1301 |
| Edition number | 1 |
| Item number | HAMF |
| 100 ## - MAIN ENTRY--PERSONAL NAME | |
| Personal name | Ham, Fredric M. |
| 9 (RLIN) | 64922 |
| 245 ## - TITLE STATEMENT | |
| Title | Principles of neurocomputing for science and engineering / |
| Statement of responsibility, etc. | By Fredric M. Ham and Ivics Kostanic. |
| 250 ## - EDITION STATEMENT | |
| Edition statement | 1st ed. |
| 260 ## - PUBLICATION, DISTRIBUTION, ETC. | |
| Place of publication, distribution, etc. | New Delhi : |
| Name of publisher, distributor, etc. | Tata McGraw Hill Publishing Company Ltd , |
| Date of publication, distribution, etc. | 2003. |
| 300 ## - PHYSICAL DESCRIPTION | |
| Extent | xxx,642p. ; |
| Other physical details | PB |
| Dimensions | 23.8 cm |
| 650 ## - SUBJECT ADDED ENTRY--TOPICAL TERM | |
| Topical term or geographic name entry element | Neurocomputing. |
| 9 (RLIN) | 64923 |
| 700 ## - ADDED ENTRY--PERSONAL NAME | |
| Personal name | Kostanic, Ivica. |
| 9 (RLIN) | 64931 |
| 942 ## - ADDED ENTRY ELEMENTS (KOHA) | |
| Source of classification or shelving scheme | Dewey Decimal Classification |
| Koha item type | Book |
| Edition | 1st |
| Call number prefix | 005.1301 HAMF |
| Withdrawn status | Lost status | Source of classification or shelving scheme | Damaged status | Not for loan | Collection code | Home library | Current library | Date acquired | Source of acquisition | Cost, normal purchase price | Inventory number | Total Checkouts | Full call number | Barcode | Date last seen | Cost, replacement price | Price effective from | Koha item type |
|---|---|---|---|---|---|---|---|---|---|---|---|---|---|---|---|---|---|---|
| Dewey Decimal Classification | MCA | St Aloysius Institute of Management & Information Technology | St Aloysius Institute of Management & Information Technology | 12/07/2022 | Higginbothams Pvt Ltd | 285.00 | Bill no:5484; Bill dt:2003-06-04 | 005.1301 HAMF | MCA05174 | 07/21/2025 | 242.25 | 07/16/2021 | Book | |||||
| Dewey Decimal Classification | MCA | St Aloysius Institute of Management & Information Technology | St Aloysius Institute of Management & Information Technology | 12/07/2022 | Book Palace | 285.00 | Bill no:2717; Bill dt:2004-04-22 | 005.1301 HAMF | MCA05838 | 07/21/2025 | 228.00 | 07/16/2021 | Book |